Catalog

Record Details

Catalog Search



All you need is love  Cover Image Book Book

All you need is love / written by John Lennon and Paul McCartney ; illustrated by Marc Rosenthal.

Lennon, John, 1940-1980 (author.). McCartney, Paul,: (author.). Rosenthal, Marc, 1949- (illustrator.).

Summary:

Illustrations and easy-to-read text share John Lennon and Paul McCartney's world-renowned song that celebrates the love that surrounds us.

Record details

  • ISBN: 9781534429819
  • ISBN: 1534429816
  • Physical Description: 1 volume (unpaged) : color illustrations ; 26 cm
  • Edition: First Little Simon hardcover edition.
  • Publisher: New York : Little Simon, 2019
Subject: Children's songs, English > England > Texts.
Love songs > Texts > Pictorial works > Juvenile fiction.
Songs > Pictorial works > Juvenile literature.
Genre: Juvenile works
Children's stories > Pictorial works.
Picture books.

Available copies

  • 1 of 1 copy available at scottsboropl.

Holds

  • 0 current holds with 1 total copy.
Show All Copies
Location Call Number / Copy Notes Barcode Shelving Location Status Due Date
scottsboropl E Len 32269001143695 Juvenile - Easy Available -

LDR 01557nam a22003978i 4500
001153339
003SBPL
00520200128120824.0
008180810t20192019nyua j 000 1 eng
010 . ‡a 2018033372
020 . ‡a9781534429819 ‡q(hardback)
020 . ‡a1534429816 ‡q(hardback)
035 . ‡a(CONS)153339
035 . ‡a(OCoLC)1039317186 ‡z(OCoLC)1082522581 ‡z(OCoLC)1083795837 ‡z(OCoLC)1089928489 ‡z(OCoLC)1102027446 ‡z(OCoLC)1305523144
05000. ‡aPZ8.3.L5399 ‡bAl 2019
08200. ‡a782.42 ‡aE ‡223
1001 . ‡aLennon, John, ‡d1940-1980,: ‡eauthor.
24510. ‡aAll you need is love / ‡cwritten by John Lennon and Paul McCartney ; illustrated by Marc Rosenthal.
250 . ‡aFirst Little Simon hardcover edition.
264 1. ‡aNew York : ‡bLittle Simon, ‡c2019
300 . ‡a1 volume (unpaged) : ‡bcolor illustrations ; ‡c26 cm
336 . ‡atext ‡btxt ‡2rdacontent
336 . ‡astill image ‡bsti ‡2rdacontent
337 . ‡aunmediated ‡bn ‡2rdamedia
338 . ‡avolume ‡bnc ‡2rdacarrier
520 . ‡aIllustrations and easy-to-read text share John Lennon and Paul McCartney's world-renowned song that celebrates the love that surrounds us.
650 0. ‡aChildren's songs, English ‡zEngland ‡vTexts.
650 0. ‡aLove songs ‡vTexts ‡vPictorial works ‡vJuvenile fiction.
650 0. ‡aSongs ‡vPictorial works ‡vJuvenile literature.
655 7. ‡aJuvenile works
655 7. ‡aChildren's stories ‡vPictorial works.
655 7. ‡aPicture books. ‡2lcgft
7001 . ‡aMcCartney, Paul,: ‡eauthor.
7001 . ‡aRosenthal, Marc, ‡d1949-: ‡eillustrator.
901 . ‡a153339 ‡bUnknown ‡c153339 ‡tbiblio

Additional Resources